| Tag |
First Indicator |
Second Indicator |
Subfields |
| LEADER |
00000cam a2200000 a 4500 |
| 001 |
in00004476821 |
| 005 |
20191202143421.0 |
| 008 |
910618s1991 nyua b 001 0 eng c |
| 010 |
|
|
|a 91024706
|
| 020 |
|
|
|a 0824785045
|
| 035 |
|
|
|a (OCoLC)24066618
|
| 035 |
|
|
|9 AAE5877MS
|
| 035 |
|
|
|z (UtOrBLW)15260
|
| 035 |
|
|
|a 26333
|
| 040 |
|
|
|a DNLM/DLC
|c DLC
|d TMV
|d UtOrBLW
|
| 049 |
|
|
|a TMVM
|c 1
|
| 050 |
1 |
0 |
|a RC271.I45
|b P75 1991
|
| 060 |
|
0 |
|a QV 269 P957
|
| 082 |
0 |
0 |
|a 616.99/4061
|2 20
|
| 096 |
|
|
|a QV 269
|b P957 1991
|
| 245 |
0 |
0 |
|a Principles of cancer biotherapy /
|c edited by Robert K. Oldham.
|
| 250 |
|
|
|a Second edition.
|
| 264 |
|
1 |
|a New York :
|b Marcel Dekker,
|c [1991]
|
| 264 |
|
4 |
|c ©1991
|
| 300 |
|
|
|a ix, 679 pages :
|b illustrations ;
|c 27 cm.
|
| 336 |
|
|
|a text
|2 rdacontent
|b txt
|
| 337 |
|
|
|a unmediated
|2 rdamedia
|
| 338 |
|
|
|a volume
|2 rdacarrier
|b nc
|
| 504 |
|
|
|a Includes bibliographical references and index.
|
| 650 |
|
2 |
|a Antineoplastic Agents
|x therapeutic use.
|
| 650 |
|
2 |
|a Biological Products
|x therapeutic use.
|
| 650 |
|
2 |
|a Immunotherapy.
|
| 650 |
|
2 |
|a Neoplasms
|x immunology.
|
| 650 |
|
2 |
|a Neoplasms
|x therapy.
|
| 700 |
1 |
|
|a Oldham, Robert K.
|
| 999 |
|
|
|a MARS
|
| 999 |
f |
f |
|s ad334aed-e91e-39ab-a776-a0b6c8b78c30
|i 26815d9c-6a32-3723-8ad9-68dbf7b4fe2e
|t 0
|
| 952 |
f |
f |
|p ric
|a Texas A&M University
|b Rellis Campus
|c Joint Library Facility
|d Remote Storage
|t 0
|e QV 269 P957 1991
|h National Library of Medicine classification
|i unmediated -- volume
|m 3238901098909
|
| 998 |
f |
f |
|a QV 269 P957 1991
|t 0
|l Remote Storage
|